Martin Wight's Approach to the Study of International Relations
Wight's approach towards international relations studies provides an important theoretical framework for their understanding. Wight believed that the best place for locating values of international society was in the history of ideas of international society.
Na minha lista:
| Autor principal: | |
|---|---|
| Formato: | Capítulo de Livro |
| Idioma: | inglês |
| Assuntos: | |
| Tags: |
Sem tags, seja o primeiro a adicionar uma tag!
|
MARC
| LEADER | 00000naa a2200000 4500 | ||
|---|---|---|---|
| 001 | 0286251 | ||
| 005 | 20241010152005.4 | ||
| 041 | 0 | |a eng | |
| 044 | |a SK | ||
| 245 | 1 | 0 | |a Martin Wight's Approach to the Study of International Relations |c Barbora Krištofová |
| 520 | |a Wight's approach towards international relations studies provides an important theoretical framework for their understanding. Wight believed that the best place for locating values of international society was in the history of ideas of international society. | ||
| 610 | 2 | 0 | |a vzťahy medzinárodné |
| 610 | 2 | 0 | |a školy vysoké |
| 610 | 2 | 0 | |a učitelia |
| 610 | 2 | 0 | |a Veľká Británia |
| 610 | 2 | 0 | |a teórie právne |
| 100 | 1 | |a Krištofová, Barbora | |